2024-25 Gators Basketball - Statistics

General Stats
  • This quiz has been taken 24 times
  • The average score is 5 of 7
Answer Stats
Hint Answer % Correct
#1 Walter Clayton
100%
#21 Alex Condon
91%
#15 Alijah Martin
86%
#10 Thomas Haugh
86%
#3 Will Richard
77%
#7 Urban Klavzar
59%
#9 Rueben Chinyleu
0%
No matching quizzes found
Score Distribution
Percent of People with Each Score
Percentile by Number Answered
Your Score History
You have not taken this quiz